000 00330 a2200145 4500
001 61457
020 _a
040 _cAnchieta - Pituba
240 1 0 _aAparelho Locomotor ll
_lpor
245 1 0 _aAparelho Locomotor ll
300 _a58
362 0 _a1990
650 4 _aBIOLOGIA, CIÊNICAS DA VIDA (CIÊNCIAS NATURAIS)
942 _cBK
999 _c61457
_d61457